Rozdelenie účtovných jednotiek

Zatriedenie účtovných jednotiek do veľkostných kategórií. Nová úprava zatriedenia účtovných jednotiek.

Saved in:
Bibliographic Details
Main Author: Mintál, Ján
Format: Book Chapter
Language:Slovak
Subjects:
Tags: Add Tag
No Tags, Be the first to tag this record!

MARC

LEADER 00000naa a2200000 4500
001 0199028
005 20231120130450.6
041 0 |a slo 
044 |a SK 
245 1 0 |a Rozdelenie účtovných jednotiek  |c Ján Mintál 
520 |a Zatriedenie účtovných jednotiek do veľkostných kategórií. Nová úprava zatriedenia účtovných jednotiek. 
610 2 0 |a jednotka účtovná 
610 2 0 |a spoločnosti obchodné 
610 2 0 |a osoby fyzické 
610 2 0 |a účtovníctvo podvojné 
100 1 |a Mintál, Ján